Central Library OPAC University of Rajshahi

Biological statistics : (Record no. 51225)

MARC details
000 -LEADER
fixed length control field 00797nam a2200253 a 4500
001 - CONTROL NUMBER
control field 51225
003 - CONTROL NUMBER IDENTIFIER
rucl marc code BD-RjUL
005 - DATE AND TIME OF LATEST TRANSACTION
control field 20211209075628.0
008 - FIXED-LENGTH DATA ELEMENTS--GENERAL INFORMATION
fixed length control field 160830s1965 nyua 001 0 eng d
035 ## - SYSTEM CONTROL NUMBER
System control number (BD-RjUL)51345
040 ## - CATALOGING SOURCE
Original cataloging agency DLC/ICU
Transcribing agency CGU
Modifying agency m.c
-- BD-RjUL
Language of cataloging eng
041 ## - LANGUAGE CODE
Language code of text/sound track or separate title eng
082 ## - DEWEY DECIMAL CLASSIFICATION NUMBER
Edition number 23
Classification number 519.57
Author mark and year PEB 1965
100 1# - MAIN ENTRY--PERSONAL NAME
Personal name Pearce, S. C.
9 (RLIN) 153253
245 10 - TITLE STATEMENT
Title Biological statistics :
Remainder of title an introduction /
Statement of responsibility, etc. S.C. Pearce.
260 ## - PUBLICATION, DISTRIBUTION, ETC. (IMPRINT)
Place of publication, distribution, etc. New York :
Name of publisher, distributor, etc. McGraw-Hill Book Co.,
Date of publication, distribution, etc. c1965.
300 ## - PHYSICAL DESCRIPTION
Pagination xiii, 212 p. :
Illustrations ill. ;
Size 23 cm
490 ## - SERIES STATEMENT
Series statement McGraw-Hill series in probability and statistics
500 ## - GENERAL NOTE
General note Includes index.
650 #0 - SUBJECT ADDED ENTRY--TOPICAL TERM
Topical term or geographic name as entry element Experimental design
9 (RLIN) 153254
Topical term or geographic name as entry element Biometry
9 (RLIN) 153255
830 #0 - SERIES ADDED ENTRY--UNIFORM TITLE
Uniform title McGraw-Hill series in probability and statistics
942 ## - ADDED ENTRY ELEMENTS (KOHA)
Source of classification or shelving scheme Dewey Decimal Classification
Koha item type Books
Holdings
Lost status Source of classification or shelving scheme Damaged status Not for loan Collection code Permanent Location Current Location Shelving location Date acquired Source of acquisition Cost, normal purchase price Total Checkouts Full call number Date last seen Copy number Koha item type
  Dewey Decimal Classification     Non-fiction Central Library, University of Rajshahi Central Library, University of Rajshahi   03/05/1969 Book centre, Dacca 49.75   519.57 PEB 1965 30/08/2016 C-2 Books